The land of sultans : An illustrated

Bibliographic Details
Main Author: Spruit Ruud
Format: Book
Published: Amsterdam : The Pepin Press , 1989
Subjects:

MARC

LEADER 00000cam a2200000 7i4500
001 0000015393
005 20080325.0
008 250308
020 |a 9054960159 
090 0 0 |a 959.5   |b SPR 
100 1 |a Spruit Ruud 
245 1 4 |a The land of sultans :   |b An illustrated   |c Ruud Spruit 
260 |a Amsterdam :   |b The Pepin Press ,   |c 1989 
650 0 |a Malaysia   |x History 
999 |a 0001017057   |b Book   |c Adult Collection   |e Perbadanan Perpustakaan Awam Johor